| 000 -LEADER |
| fixed length control field |
00359nam a22001217a 4500 |
| 020 ## - INTERNATIONAL STANDARD BOOK NUMBER |
| International Standard Book Number |
9781772046212 |
| 082 ## - DEWEY DECIMAL CLASSIFICATION NUMBER |
| Classification number |
K95 D569 |
| 100 ## - MAIN ENTRY--PERSONAL NAME |
| Personal name |
Dikshit, Meghana |
| 9 (RLIN) |
51018 |
| 245 ## - TITLE STATEMENT |
| Title |
You Matter: Break free Your Limitations and Live a Life of Freedom and Joy |
| Statement of responsibility, etc |
by Meghana Dikshit |
| 260 ## - PUBLICATION, DISTRIBUTION, ETC. (IMPRINT) |
| Place of publication, distribution, etc |
Canada |
| Name of publisher, distributor, etc |
Black Card Books |
| 300 ## - PHYSICAL DESCRIPTION |
| Extent |
199p. |
| 650 ## - SUBJECT ADDED ENTRY--TOPICAL TERM |
| Topical term or geographic name as entry element |
Psycology |
| 9 (RLIN) |
53809 |